000 01348nmc a2200385 a 4500
003 AR-BaBNM
005 20251128205752.0
008 118019s1993 ||||||||||||||000 | spa||
020 _a84-271-1875-9
040 _cAR-BaBNM
100 1 _aPascual Pacheco, Roberto
245 1 0 _aEl liderazgo transformacional en los centros docentes
_bun estudio en las Comunidades Autónomas del País Vasco y Castilla-León
260 _aBilbao
_bEdiciones Mensajero
_c1993
300 0 _a134 p.
_btablas, gráfs.
490 0 _aRecursos e instrumentos psico-pedagógicos
_vv. 7
500 0 _aLa Fundación Santa María y la Universidad de Deusto han copatrocinado esta investigación
500 0 _aAnexo: p.129-134
500 0 _aSe adjunta un ejemplar desprendible del Cuestionario Multifactorial sobre Liderazgo Educacional
504 _aBibliografía: p. 121-125
600 1 4 _aBass, Bernard
650 4 _aCENTROS PEDAGOGICOS
650 4 _aLIDERAZGO
650 4 _aTOMA DE DECISIONES
650 4 _aREFORMA DE LA EDUCACION
650 4 _aINVESTIGACION EMPIRICA
650 4 _aPSICOMETRIA
650 4 _aESTUDIOS ESTADISTICOS
651 4 _aEspaña
653 0 _aGESTION INSTITUCIONAL
700 1 _aVilla Sánchez, Aurelio
700 1 _aAuzmendi Escribano, Elena
800 1 _aVilla, Aurelio
_edirector
942 _cBK
998 _carturo
999 _c12738
_d12738